00495nam a22001577a 450000500170000001000150001702000120003203500130004403700130005708200120007010000170008224500550009926000420015427001120019630000290030820100814162152.0 aENG-100235 c2200.00 aEN-83767 bDBAD/PUB a005.276 aTambade,Ravi aNet 3.5 :bASP. Net programming /cby Ravi Tambade aMaharashtrabAvani Publicationsc2009 aFlat No.2, Ground Floor, Radhakrihna Apts., Prabhat Road, Lane No. 10, Erandawana PunebMaharashtrae411004 a404p.:bill.c29cm (pbk)